| Поле | Название | Значение |
| |
Тип записи |
a |
| |
Библиографический уровень |
m |
| 001 |
Контрольный номер |
RU/URAIT/589603 |
| 005 |
Дата корректировки |
20260429163620.1 |
| 008 |
Кодируемые данные |
260429s2026 RU y f j 000 0 rus u |
| 020 |
Индекс ISBN |
__ |
| a |
ISBN |
978-5-534-18424-2 |
| c |
Цена, тираж |
2669.00 |
| 040 |
Источник каталогиз. |
__ |
| a |
Служба первич. каталог. |
ИКО Юрайт |
| c |
Служба, преобразующая запись |
ИКО Юрайт |
| e |
Правила каталог. |
RCR |
| 041 |
Код языка издания |
__ |
| a |
Код языка текста |
rus |
| 044 |
Код страны публикации |
__ |
| a |
Код страны публикации |
RU |
| 080 |
Индекс УДК |
__ |
| a |
Индекс УДК |
1(075.8) |
| 084 |
Индекс другой классификации/Индекс ББК |
__ |
| 2 |
Источник индекса |
rubbk |
| a |
Индекс другой классификации/Индекс ББК |
87я73 |
| 100 |
Автор |
__ |
| a |
Автор |
Чумаков А. Н. |
| q |
Полное имя |
Чумаков Александр Николаевич |
| 245 |
Заглавие |
__ |
| a |
Заглавие |
Хрестоматия по философии |
| b |
Продолж. заглавия |
учебник (отсутствует) |
| c |
Ответственность |
А. Н. Чумаков [и др.] ; ответственный редактор А. Н. Чумаков. |
| 256 |
Характеристики компьютерного файла |
__ |
| a |
Характеристики компьютерного файла |
Электрон. дан. |
| 260 |
Выходные данные |
__ |
| a |
Место издания |
Москва |
| b |
Издательство |
Юрайт |
| c |
Дата издания |
2026 |
| 300 |
Физическое описание |
__ |
| a |
Объем |
605 с |
| 440 |
Серия |
__ |
| a |
Серия |
Высшее образование |
| 500 |
Примечания |
__ |
| a |
Примечание |
URL: https://urait.ru/bcode/589603 (дата обращения: 29.04.2026). |
| 520 |
Аннотация |
__ |
| a |
Аннотация |
Изучить философию только по учебнику, каким бы хорошим он ни был, невозможно, можно только выучить. Нет философии вообще, а есть философия Платона, Аристотеля, Фомы Аквинского, Рене Декарта, Иммануила Канта, Георга Гегеля, Владимира Соловьева, Карла Маркса и многих других, не менее замечательных авторов. Философия - это не только идеи, но и стиль, неповторимая личность философа, воплощенная в его текстах. Читая тексты великих философов, мы приобщаемся к их мудрости, они становятся нашими собеседниками и начинается сотворчество через века. Предлагаемая Хрестоматия является оригинальным изданием, в котором на основе стандартов нового поколения представлены избранные сокровища мировой философской мысли от Древнего мира до XXI в. Лучшие фрагменты произведений выдающихся мыслителей различных эпох, отобранные на базе экспертной оценки высококвалифицированными преподавателями высшей школы, позволят изучающим философию составить адекватное представление как о сущности и истории развития философии, так и об основных проблемах философского творчества. Текстам первоисточников предшествуют краткие биографические сведения об их авторах с соответствующими фотографиями. |
| 538 |
Прим. о системных особенностях |
__ |
| a |
Прим. о системных особенностях |
Режим доступа: Электронно-библиотечная система Юрайт, для авториз. пользователей |
| 653 |
Ключевые слова |
__ |
| a |
Ключевые слова |
Философия |
| 653 |
Ключевые слова |
__ |
| a |
Ключевые слова |
Общественные науки |
| 653 |
Ключевые слова |
__ |
| a |
Ключевые слова |
Философия |
| 653 |
Ключевые слова |
__ |
| a |
Ключевые слова |
Основы философии |
| 653 |
Ключевые слова |
__ |
| a |
Ключевые слова |
Основы философских знаний |
| 653 |
Ключевые слова |
__ |
| a |
Ключевые слова |
Общая философия |
| 653 |
Ключевые слова |
__ |
| a |
Ключевые слова |
Философия (введение в философию) |
| 700 |
Другие авторы |
__ |
| a |
Другие авторы |
Вальяно М. В. |
| q |
Полное имя |
Вальяно Михаил Васильевич |
| 700 |
Другие авторы |
__ |
| a |
Другие авторы |
Волобуев А. В. |
| q |
Полное имя |
Волобуев Алексей Викторович |
| 700 |
Другие авторы |
__ |
| a |
Другие авторы |
Деникин А. В. |
| q |
Полное имя |
Деникин Анатолий Васильевич |
| 700 |
Другие авторы |
__ |
| a |
Другие авторы |
Деникина З. Д. |
| q |
Полное имя |
Деникина Зоя Дмитриевна |
| 700 |
Другие авторы |
__ |
| a |
Другие авторы |
Зорина Е. В. |
| q |
Полное имя |
Зорина Елена Владимировна |
| 700 |
Другие авторы |
__ |
| a |
Другие авторы |
Зуев К. А. |
| q |
Полное имя |
Зуев Константин Александрович |
| 700 |
Другие авторы |
__ |
| a |
Другие авторы |
Иоселиани А. Д. |
| q |
Полное имя |
Иоселиани Аза Давидовна |
| 700 |
Другие авторы |
__ |
| a |
Другие авторы |
Кирабаев Н. С. |
| q |
Полное имя |
Кирабаев Нур Серикович |
| 700 |
Другие авторы |
__ |
| a |
Другие авторы |
Кишлакова Н. М. |
| q |
Полное имя |
Кишлакова Наталья Михайловна |
| 700 |
Другие авторы |
__ |
| a |
Другие авторы |
Махаматов Т. М. |
| q |
Полное имя |
Махаматов Таир Махаматович |
| 700 |
Другие авторы |
__ |
| a |
Другие авторы |
Панов Е. Г. |
| q |
Полное имя |
Панов Евгений Генрихович |
| 700 |
Другие авторы |
__ |
| a |
Другие авторы |
Просеков С. А. |
| q |
Полное имя |
Просеков Сергей Анатольевич |
| 700 |
Другие авторы |
__ |
| a |
Другие авторы |
Ратников В. П. |
| q |
Полное имя |
Ратников Валентин Петрович |
| 700 |
Другие авторы |
__ |
| a |
Другие авторы |
Силичев Д. А. |
| q |
Полное имя |
Силичев Дмитрий Александрович |
| 700 |
Другие авторы |
__ |
| a |
Другие авторы |
Скибицкий М. М. |
| q |
Полное имя |
Скибицкий Марк Михайлович |
| 700 |
Другие авторы |
__ |
| a |
Другие авторы |
Юдин В. В. |
| q |
Полное имя |
Юдин Валентин Васильевич |
| 700 |
Другие авторы |
__ |
| a |
Другие авторы |
Чернышова Л. И. |
| q |
Полное имя |
Чернышова Лидия Ивановна |
| 856 |
Электронный адрес документа |
40 |
| n |
Местонахождение сервера |
Юрайт |
| g |
|
Электронная книга |
| q |
Тип электронного формата |
html |
| h |
Имя пользователя |
ЮРАЙТ |
| v |
Часы доступа к ресурсу |
20271231 |
| 2 |
Способ доступа |
Показать документ |
| x |
Служебное примечание |
https://urait.ru/book/cover/4CB8D003-3107-47B6-90CA-BB8849E5628F |
| u |
URL |
https://urait.ru/bcode/589603 |
| 856 |
Электронный адрес документа |
48 |
| q |
Тип электронного формата |
cover |
| u |
URL |
https://urait.ru/book/cover/4CB8D003-3107-47B6-90CA-BB8849E5628F |
| 911 |
|
__ |
| u |
|
0030=https://urait.ru/bcode/589603 |
| 911 |
|
__ |
| u |
|
073a=9785534184242 |
| u |
|
073d=2669.00 |
| 911 |
|
__ |
| u |
|
106a=s |
| 911 |
|
__ |
| u |
|
900l= |
| 952 |
Тип литературы |
__ |
| i |
Дисциплина |
Философия |
| 952 |
Тип литературы |
__ |
| i |
Дисциплина |
Основы философии |
| 952 |
Тип литературы |
__ |
| i |
Дисциплина |
Основы философских знаний |
| 952 |
Тип литературы |
__ |
| i |
Дисциплина |
Общая философия |
| 952 |
Тип литературы |
__ |
| i |
Дисциплина |
Философия (введение в философию) |